000 00472nam a2200181Ia 4500
005 20250508163405.0
008 008 250505s9999 xx 000 0 eng d
037 _aTextual
040 _aFEDL
_beng
_cFEDL
041 _aeng
_2eng
084 _a821, REE
_qFEDL
100 _aReeves James
245 0 _aStrawberry fair
260 _aMelbourne
_bWilliam Heinemann Ltd
_c1954
300 _aix,118p.
942 _cTEXL
_h821, REE
999 _c1382776
_d1382776